| Tag |
First Indicator |
Second Indicator |
Subfields |
| LEADER |
00000cam a2200000Ma 4500 |
| 001 |
in00003552142 |
| 006 |
m o d |
| 007 |
cr nn||||||||| |
| 008 |
121227s2001 sz o 000 0 eng d |
| 005 |
20260422210952.2 |
| 020 |
|
|
|a 9783034883146 (electronic bk.)
|
| 020 |
|
|
|a 3034883145 (electronic bk.)
|
| 035 |
|
|
|a (OCoLC)840290490
|
| 040 |
|
|
|a I9W
|b eng
|e pn
|c I9W
|d OCLCQ
|d UV0
|d OCLCO
|d GW5XE
|d OCLCF
|d UtOrBLW
|
| 049 |
|
|
|a TXAM
|
| 050 |
|
4 |
|a QH301-705
|
| 082 |
0 |
4 |
|a 570
|2 23
|
| 100 |
1 |
|
|a Kaufmann-Hayoz, Ruth.
|
| 245 |
1 |
0 |
|a Changing Things -- Moving People :
|b Strategies for Promoting Sustainable Development at the Local Level /
|c edited by Ruth Kaufmann-Hayoz, Heinz Gutscher.
|
| 264 |
|
1 |
|a Basel :
|b Birkhäuser Basel,
|c 2001.
|
| 300 |
|
|
|a 1 online resource (XV, 364 pages)
|
| 336 |
|
|
|a text
|b txt
|2 rdacontent
|
| 337 |
|
|
|a computer
|b c
|2 rdamedia
|
| 338 |
|
|
|a online resource
|b cr
|2 rdacarrier
|
| 520 |
|
|
|a Traditionally, environmental policy in most countries is based on command and control and - to a lesser extent - on the more modern economic instruments. Today, there is a strong need for complementing this traditional policy with a set of approaches that rely on communication and informal influence to stimulate voluntary and cooperative action. The comprehensive and analytical description of these approaches and the related instruments presented in this book extend environmental policy thinking by in-depth treatment of tools for communication and diffusion, collaborative agreements, as well as service and infrastructure instruments. The different types of approaches and instruments are described in detail from an actor-oriented perspective. Special emphasis is put on new approaches based on principles of social and behavioural psychology. To date, these have barely been discussed in relation to conventional instruments. Several empirical studies carried out in Switzerland illuminate selected aspects ...
|
| 500 |
|
|
|a Electronic resource.
|
| 650 |
|
0 |
|a Life sciences.
|
| 650 |
|
0 |
|a Medicine.
|
| 650 |
|
7 |
|a Life sciences.
|2 fast
|0 (OCoLC)fst00998323
|
| 650 |
|
7 |
|a Medicine.
|2 fast
|0 (OCoLC)fst01014893
|
| 655 |
|
7 |
|a Electronic books.
|2 local
|
| 700 |
1 |
|
|a Gutscher, Heinz.
|
| 710 |
2 |
|
|a SpringerLink (Online service)
|
| 856 |
4 |
0 |
|u http://proxy.library.tamu.edu/login?url=https://link.springer.com/10.1007/978-3-0348-8314-6
|z Connect to the full text of this electronic book
|t 0
|
| 994 |
|
|
|a 92
|b TXA
|
| 999 |
|
|
|a MARS
|
| 999 |
f |
f |
|s f28094f4-57d7-3a6f-9b42-8efd29134376
|i a8197a5e-713f-39a6-a34d-f0cc33742f0d
|t 0
|
| 952 |
f |
f |
|a Texas A&M University
|b College Station
|c Electronic Resources
|s www_evans
|d Available Online
|t 0
|e QH301-705
|h Library of Congress classification
|
| 998 |
f |
f |
|a QH301-705
|t 0
|l Available Online
|